Catalog

Record Details

Catalog Search



Available copies

  • 1 of 1 copy available at LARL/NWRL Consortium.

Current holds

0 current holds with 1 total copy.

Show Only Available Copies
Location Call Number / Copy Notes Barcode Shelving Location Status Due Date
Godel Memorial-Warren Library pb WEI (Text) 35500005967292 Main Available -

Record details

  • ISBN: 1496708962
  • ISBN: 9781496708960
  • Physical Description: 313 pages ; 18 cm.
  • Edition: First Kensington mass market edition.
  • Publisher: New York, NY : Kensington Publishing Corp., 2017.

Content descriptions

Summary, etc.:
Owning her own business seemed like pie in the sky ... Read More
Subject: Businesswomen > Fiction.
Pies > Fiction.
Murder > Fiction.
Genre: Mystery fiction.
LDR 02130cam a2200397Ii 4500
001270477
003LARL_NWRL_CONSORTIUM
00520171106164943.0
008170209s2017 nyu 000 1 eng d
040 . ‡aYDX ‡beng ‡cYDX ‡dBTCTA ‡dBDX ‡dJSE ‡dCD5 ‡dNRG
019 . ‡a972241341 ‡a972382483
020 . ‡a1496708962
020 . ‡a9781496708960
035 . ‡a(OCoLC)972123273 ‡z(OCoLC)972241341 ‡z(OCoLC)972382483
08204. ‡a813/.6 ‡223
049 . ‡aNRGA
1001 . ‡aWeiss, Kirsten, ‡d1968- ‡eauthor. ‡0(LARL_NWRL_CONSORTIUM)220953
24514. ‡aThe quiche and the dead ‡n#1 / ‡cKirsten Weiss.
250 . ‡aFirst Kensington mass market edition.
264 1. ‡aNew York, NY : ‡bKensington Publishing Corp., ‡c2017.
300 . ‡a313 pages ; ‡c18 cm.
336 . ‡atext ‡2rdacontent
337 . ‡aunmediated ‡2rdamedia
338 . ‡avolume ‡2rdacarrier
4900 . ‡aPie Town mystery ; ‡v1
520 . ‡aOwning her own business seemed like pie in the sky to Valentine Harris when she moved to the coastal California town of San Nicholas, expecting to start a new life with her finance. Five months--and a broken engagement--later, at least her dream of opening a pie shop has become a reality. But when one of her regulars keels over at the counter while eating a quiche, Val feels like she's living a nightmare. After the police determine the customer was poisoned, business at Pie Town drops faster than a fallen crust. Convinced they're both suspects, Val's flaky, seventy-something pie crust maker Charlene drags her boss into some amateur sleuthing. At first Val dismisses Charlene's half-baked hypotheses, but before long the ladies uncover some shady dealings hidden in fog-bound San Nicholas. Now Val must expose the truth--before a crummy killer tries to shut her pie hole.
650 0. ‡aBusinesswomen ‡vFiction. ‡0(LARL_NWRL_CONSORTIUM)163678
650 0. ‡aPies ‡vFiction.
650 0. ‡aMurder ‡vFiction. ‡0(LARL_NWRL_CONSORTIUM)165989
655 7. ‡aMystery fiction. ‡2gsafd
905 . ‡ubacont
901 . ‡a270477 ‡b ‡c270477 ‡tbiblio ‡soclc

Additional Resources